000 00704nas a2200253 4500
001 BR8806917
003 BR-BrBNA
005 20231205091353.0
007 ta
008 230509b bl.|||p| |||| 00| 00por d
040 _aBR-BrBNA
_bpor
_cBiblioteca Nacional de Agricultura
041 _a(Pt)
072 _aP10; L01
100 1 _aVianna, F.C.
100 1 _aPassos, L.M.F.
245 1 _aTratamento da agua de bebida para caprinos
650 _aAGUA
650 _aTRATAMENTO DA AGUA
650 _aCRIACAO
650 _aCAPRINOCULTURA
773 0 _tCabras e Bodes (Brazil)
_xISSN 0102-7344
_g(1988), v. 4(16) p. 6-7
_wBR8806917
909 _a202311
_bLúcia
_c55
_dLúcia Elande
942 _2AGRIS
_n0
_cANA
999 _c124632
_d124632